| 000 | 01715nam a2200397 c 4500 | ||
|---|---|---|---|
| 999 |
_c167400 _d167400 |
||
| 003 | BLK | ||
| 005 | 20240422131017.0 | ||
| 008 | 180411b bul|||||r ||||||| ||bul|| | ||
| 010 | _aKNG00175202000 | ||
| 040 | _aBLK | ||
| 041 |
_aBUL _cBUL |
||
| 072 | 7 |
_2bullib _aК _xКраезнание |
|
| 080 |
_aВодоснабдяване. Пречистване на водите. Вж и 627.8; 628.3; 644. Вътрешна водопроводно-канализационна мрежа вж 696.1 _b628.1 _x(497.215) _z628.1(497.215) |
||
| 100 | 1 |
_aДраганов, Боян Димитров _964945 |
|
| 139 |
_aДраганов, Боян Димитров _bД 85 |
||
| 245 | 1 | 0 |
_a[Осемдесет] 80 години водоснабдяване в Русе и 25 години СП "Водоснабдяване и канализация" - Русе _cБоян Димитров Драганов. |
| 257 | _aBGR | ||
| 260 |
_bВодоснабдяване и канализация _c1985 |
||
| 300 |
_a121 с., 32 с. _bил. _c21 см |
||
| 380 | _a62 | ||
| 500 | _aИзд. на СП "Водоснабдяване и канализация" - Русе | ||
| 650 | 4 |
_aВодоснабдяване и канализация _9278184 |
|
| 650 | 4 |
_aРусе - стопанско развитие _9275828 |
|
| 651 | 4 |
_aРусе _9179462 |
|
| 653 | _aводоснабдяване | ||
| 653 | _aистория | ||
| 659 | _aК | ||
| 852 | _aЦб 144829 | ||
| 852 | _aК 62/Д 85 Б | ||
| 856 | 4 | _qpdf | |
| 856 | 4 | _qpdf | |
| 942 |
_cKNG _n0 _s1 _01 |
||
| 944 |
_aCR _c14.05.2015 _k30560 _lГеновева Генчева |
||
| 944 |
_aED _c14.05.2015 _kВаля_Йорданова |
||
| 999 | _d167400 | ||